[Event "CRO-chT4 Center-A"]
[Site "Zagreb"]
[Date "2011.03.13"]
[Round "1.64"]
[White "Ostojic, Branko"]
[Black "Vucic, Mihovil"]
[Result "0-1"]
[WhiteElo "1896"]
[BlackElo "1950"]
[PlyCount "104"]
[EventDate "2011.03.13"]
[EventType "team-tourn"]
[EventRounds "7"]
[EventCountry "CRO"]
[SourceTitle "EXT 2014"]
[Source "ChessBase"]
[SourceDate "2013.11.20"]
[SourceVersion "1"]
[SourceVersionDate "2013.11.20"]
[SourceQuality "1"]

1. d4 d5 2. Nf3 Nf6 3. e3 e6 4. Bd3 Bd6 5. Nbd2 0-0 6. 0-0 Nbd7 7. e4 dxe4 8. Nxe4 Nxe4 9. Bxe4 h6 10. c3 Nf6 11. Bc2 b6 12. Re1 Bb7 13. Bd2 c5 14. dxc5 bxc5 15. Ne5 Qc7 16. Bf4 Rad8 17. Qe2 Qe7 18. Qe3 Bxe5 19. Qxe5 Rd5 20. Qe3 Rfd8 21. h3 Ba8 22. Qe2 Qb7 23. f3 Qe7 24. Rad1 Nh5 25. Bh2 Qg5 26. Rxd5 Rxd5 27. Rd1 Nf4 28. Bxf4 Qxf4 29. Rxd5 Bxd5 30. Qd3 Qc1+ 31. Kf2 g6 32. b3 Qb2 33. c4 Bc6 34. a4 a5 35. Ke2 e5 36. Qd2 Kg7 37. Bd1 Qxd2+ 38. Kxd2 f5 39. Bc2 Kf6 40. Ke3 g5 41. g4 Bd7 42. Bd1 h5 43. Be2 hxg4 44. hxg4 e4 45. f4 fxg4 46. fxg5+ Kxg5 47. Kxe4 g3 48. Bf1 Kg4 49. Ke3 Bc6 50. Be2+ Kf5 51. Bf1 g2 52. Bxg2 Bxg2 0-1

[Event "CRO-chT4A Center"]
[Site "Zagreb"]
[Date "2010.04.11"]
[Round "3.13"]
[White "Ostojic, Branko"]
[Black "Vukalovic, Zeljko"]
[Result "1/2-1/2"]
[WhiteElo "1916"]
[BlackElo "1988"]
[PlyCount "46"]
[EventDate "2010.03.21"]
[EventType "team-tourn"]
[EventRounds "11"]
[EventCountry "CRO"]
[SourceTitle "EXT 2012"]
[Source "ChessBase"]
[SourceDate "2011.11.24"]
[SourceVersion "1"]
[SourceVersionDate "2011.11.24"]
[SourceQuality "1"]

1. d4 Nf6 2. Nf3 e6 3. e3 d5 4. Bd3 c5 5. b3 Nc6 6. Bb2 Bd6 7. 0-0 0-0 8. Nbd2 Bd7 9. Ne5 cxd4 10. exd4 Qc7 11. f4 Nb4 12. Rf3 Nxd3 13. Rxd3 Rac8 14. Rc3 Qb8 15. Rh3 Be8 16. c3 b5 17. g4 Ne4 18. g5 f6 19. Nxe4 dxe4 20. gxf6 Rxf6 21. Rg3 Qb7 22. Qg4 Bg6 23. Rf1 Rcf8 1/2-1/2